Goddess girls (Record no. 8807)
[ view plain ]
| 000 -LEADER | |
|---|---|
| fixed length control field | 00979nam a22002297a 4500 |
| 003 - CONTROL NUMBER IDENTIFIER | |
| control field | OSt |
| 005 - DATE AND TIME OF LATEST TRANSACTION | |
| control field | 20260310011536.0 |
| 008 - FIXED-LENGTH DATA ELEMENTS--GENERAL INFORMATION | |
| fixed length control field | 260310b |||||||| |||| 00| 0 eng d |
| 020 ## - INTERNATIONAL STANDARD BOOK NUMBER | |
| International Standard Book Number | 978-1-4424-4933-6 |
| 040 ## - CATALOGING SOURCE | |
| Original cataloging agency | DWCL GS lib |
| Transcribing agency | OC |
| 082 ## - DEWEY DECIMAL CLASSIFICATION NUMBER | |
| Edition number | H916g 2012 |
| 100 ## - MAIN ENTRY--PERSONAL NAME | |
| Personal name | HOLUB, JOAN |
| 245 ## - TITLE STATEMENT | |
| Title | Goddess girls |
| Remainder of title | the girl games super special |
| Statement of responsibility, etc. | Joan Holub |
| 260 ## - PUBLICATION, DISTRIBUTION, ETC. | |
| Place of publication, distribution, etc. | New York |
| Name of publisher, distributor, etc. | Alladin/ Simon & Schuster |
| Date of publication, distribution, etc. | 2012 |
| 300 ## - PHYSICAL DESCRIPTION | |
| Extent | vii, 306 pages: |
| Other physical details | illustrations |
| Dimensions | 19cm. |
| 504 ## - BIBLIOGRAPHY, ETC. NOTE | |
| Bibliography, etc. note | Holub, Joan, and Suzanne Williams. The Girl Games (Super Special). New York: Aladdin, 2012. |
| 520 ## - SUMMARY, ETC. | |
| Summary, etc. | The Girl Games by Joan Holub and Suzanne Williams is a special story in the Goddess Girls. The story takes place at Mount Olympus Academy, where young gods and goddesses go to school. |
| 546 ## - LANGUAGE NOTE | |
| Language note | English |
| 650 ## - SUBJECT ADDED ENTRY--TOPICAL TERM | |
| Source of heading or term | Practice Teamwork, Be Fair in Competition |
| 650 ## - SUBJECT ADDED ENTRY--TOPICAL TERM | |
| Source of heading or term | Friendship is More Important than Winning, Teamwork and Cooperation |
| 942 ## - ADDED ENTRY ELEMENTS (KOHA) | |
| Source of classification or shelving scheme | Dewey Decimal Classification |
| Koha item type | Fiction |
| Classification part | Fic. |
| Suppress in OPAC | No |
No items available.